[Event "Vereza Causse op"]
[Site "Saint Pantaleon de Larche"]
[Date "2018.06.24"]
[Round "7.1"]
[White "Prie, Eric"]
[Black "Fritschy, Frits"]
[Result "1-0"]
[WhiteElo "2489"]
[BlackElo "2077"]
[PlyCount "75"]
[EventDate "2018.07.??"]
[EventType "swiss (rapid)"]
[EventRounds "7"]
[EventCountry "FRA"]
[SourceTitle "EXT 2020"]
[Source "ChessBase"]
[SourceDate "2019.10.17"]
[SourceVersion "1"]
[SourceVersionDate "2019.10.17"]
[SourceQuality "1"]

1. d4 Nf6 2. Bf4 g6 3. Nc3 d5 4. e3 Bg7 5. h4 h5 6. Nf3 Bg4 7. Qd2 c6 8. Ne5 Bf5 9. f3 Qb6 10. Na4 Qd8 11. Nc5 b6 12. Ncd3 Nfd7 13. 0-0-0 Qc8 14. g4 hxg4 15. fxg4 Be4 16. Bg2 Nf6 17. g5 Nh5 18. Bxe4 dxe4 19. Nf2 Qf5 20. Bh2 f6 21. gxf6 exf6 22. Nc4 0-0 23. Nd6 Qe6 24. Nfxe4 Qxa2 25. Nc3 Qe6 26. Rhg1 f5 27. d5 cxd5 28. Qxd5 Qxd5 29. Nxd5 Kh7 30. Nc7 Nc6 31. Nxa8 Rxa8 32. Nf7 Rc8 33. Rd6 Na5 34. Rgxg6 Nc4 35. Ng5+ Kg8 36. Rc6 Rxc6 37. Rxc6 Nxb2 38. Rc8+ 1-0

[Event "Leiden SB-chA"]
[Site "Leiden"]
[Date "2015.06.23"]
[Round "6"]
[White "Fritschy, Frits"]
[Black "Oosterom, Erik"]
[Result "1/2-1/2"]
[WhiteElo "2098"]
[BlackElo "2005"]
[PlyCount "36"]
[EventDate "2015.05.19"]
[EventType "swiss"]
[EventRounds "7"]
[EventCountry "NED"]
[SourceTitle "EXT 2018"]
[Source "ChessBase"]
[SourceDate "2017.10.13"]
[SourceVersion "1"]
[SourceVersionDate "2017.10.13"]
[SourceQuality "1"]

1. d4 d5 2. c4 c6 3. Nf3 Nf6 4. Qb3 dxc4 5. Qxc4 Bg4 6. Nc3 Bxf3 7. gxf3 Nbd7 8. Bf4 Nb6 9. Qd3 Nbd5 10. Nxd5 Nxd5 11. Bd2 e6 12. a3 Bd6 13. h4 h5 14. Rg1 g6 15. Bg5 Qa5+ 16. Bd2 Qd8 17. Bg5 Qa5+ 18. Bd2 Qd8 1/2-1/2